Statistiques concernant Focus sur: Orodreth - Tolkien

Cliquez ici pour prendre le quiz!

Statistiques générales

  • Ce quiz a été pris 9 fois
  • Le résultat moyen est 12 sur 17

Statistiques - réponses

Informations recherchéesRéponses% Correct
Couleur des cheveuxDoré
100%
EspèceElfe
100%
Première apparitionLe Silmarillion
100%
Age durant lequel il vécutPremier
100%
Contrées et royaumesValinor
100%
PèreFinarfin
89%
Maison (lignée)Finarfin
89%
Aegnor
78%
FrèresFinrod
78%
SœurGaladriel
78%
Groupe de l'espèceNoldor
78%
CitésTirion
78%
Angrod
67%
Nargothrond
44%
MèreEärwen
22%
Autres nomsArothir
0%
Artaher
0%

Distribution des résultats

Percentile par nombre de réponses

% des personnes avec chaque résultat

Votre développement - résultats

Vous n’avez pas pris ce quiz